000 00527cam a22002051 4500
001 ne 65001205
003 DLC
005 20260227111814.0
008 931129m19609999tu 000 0 tur
010 _ane 65001205
035 _a(OCoLC)29396403
040 _aDLC
_cCU
_dDLC
042 _apremarc
050 0 0 _aDR432
_b.Y3
100 1 _aYardımcı, Celâl.
245 1 0 _aFikir bahçesi.
_c[Ankara Radyosunda bir konuşma programı]
260 _aAnkara,
_c1960-
300 _av.
_c21 cm.
651 0 _aTurkey
_xCivilization.
999 _c48184
_d48184